Tradiciones peruanas
Guardat en:
| Autor principal: | |
|---|---|
| Format: | Llibre |
| Idioma: | espanyol |
| Publicat: |
Buenos Aires
Troquel
1968
|
| Edició: | 9a. ed |
| Col·lecció: | Clásicos Troquel
|
| Matèries: | |
| Etiquetes: |
Afegir etiqueta
Sense etiquetes, Sigues el primer a etiquetar aquest registre!
|
MARC
| LEADER | 00000nam a2200000 a 4500 | ||
|---|---|---|---|
| 001 | UCQ2358 | ||
| 003 | CL-VaPUC | ||
| 008 | 980724e19680000AG |||||||||||||||||spa|d | ||
| 082 | 0 | 4 | |a 398.27 |b PAL |2 21 |
| 100 | |a Palma, Ricardo |e autor |9 352070 | ||
| 245 | 1 | 0 | |a Tradiciones peruanas |
| 250 | |a 9a. ed | ||
| 300 | |a 230 p | ||
| 942 | |c BK | ||
| 945 | |d 19980724 00:00:00 |a lriquelm | ||
| 260 | |a Buenos Aires |b Troquel |c 1968 | ||
| 650 | 7 | |a TRADICION PERUANAS |2 CL-VaPUC |9 352071 | |
| 650 | 0 | |a Folklore peruano |9 352072 | |
| 650 | 0 | |a Costumbres y tradiciones |9 268292 | |
| 583 | |a last modification |c 19980724 00:00:00 |k Rodrigo Vera | ||
| 490 | 0 | |a Clásicos Troquel | |
| 999 | |c 273189 |d 273187 | ||
| 952 | |0 0 |1 0 |4 0 |6 398_270000000000000_PAL_1968 |7 0 |8 A |9 308561 |a BIBEDU |b BIBEDU |d 2019-11-20 |i 1447386 |o 398.27 PAL 1968 |p 1447386 |r 2019-11-20 |w 2019-11-20 |y BK |k LIT | ||